[Event "Santa Barbara op"]
[Site "Santa Barbara"]
[Date "2023.02.04"]
[Round "2"]
[White "Pastor Carvajal, Jeigoth"]
[Black "Arce Oviedo, Cesar"]
[Result "1-0"]
[WhiteElo "1967"]
[BlackElo "1686"]
[PlyCount "99"]
[EventDate "2023.01.28"]
[EventType "swiss"]
[EventRounds "6"]
[EventCountry "CRI"]
[SourceTitle "CBM 213 Extra"]
[Source "ChessBase"]
[SourceDate "2023.05.31"]
[SourceVersion "1"]
[SourceVersionDate "2023.05.31"]
[SourceQuality "1"]

1. Nf3 d5 2. b3 c6 3. Bb2 Bg4 4. d3 e6 5. Nbd2 Nd7 6. g3 Ngf6 7. Bg2 Bb4 8. 0-0 0-0 9. a3 Ba5 10. c4 Rc8 11. h3 Bh5 12. Rc1 h6 13. Qc2 Re8 14. b4 Bc7 15. e4 dxe4 16. dxe4 Bg6 17. Rfe1 Qe7 18. Nh4 Bh7 19. Qb3 Red8 20. e5 Ne8 21. Nhf3 Nf8 22. Ne4 b6 23. c5 Bxe4 24. Rxe4 Ng6 25. cxb6 Bxb6 26. Rec4 c5 27. Qc2 h5 28. bxc5 Bc7 29. h4 Bb8 30. Qe2 Nf8 31. Ng5 g6 32. Ne4 Nh7 33. Nd6 Rc7 34. Bc3 f5 35. Ba5 Nf8 36. Bxc7 Nxc7 37. Rb4 Nd5 38. Bxd5 exd5 39. Rb7 Bc7 40. Qd2 Ne6 41. Qxd5 f4 42. Rxc7 Qxc7 43. Qxe6+ Kh7 44. Qf7+ Qxf7 45. Nxf7 Rc8 46. c6 Rc7 47. Ng5+ Kg8 48. Ne6 Rc8 49. c7 fxg3 50. Rd1 1-0

[Event "Balmaceda Segura Memorial op"]
[Site "Santa Barbara de Heredia"]
[Date "2022.06.04"]
[Round "3"]
[White "Pastor Carvajal, Jeigoth"]
[Black "Fallas Saborio, Alejandro"]
[Result "1-0"]
[WhiteElo "1868"]
[BlackElo "1794"]
[PlyCount "81"]
[EventDate "2022.05.21"]
[EventType "swiss"]
[EventRounds "6"]
[EventCountry "CRI"]
[SourceTitle "EXT 2024"]
[Source "ChessBase"]
[SourceDate "2023.10.10"]
[SourceVersion "1"]
[SourceVersionDate "2023.10.10"]
[SourceQuality "1"]

1. e4 c6 2. d4 d5 3. e5 c5 4. dxc5 Nc6 5. Nf3 Bf5 6. c3 e6 7. Be3 Nge7 8. Qa4 Qc7 9. Nbd2 0-0-0 10. b4 a6 11. b5 axb5 12. Bxb5 Qa5 13. Qxa5 Nxa5 14. Nd4 Bg6 15. N4b3 Nac6 16. Bd4 Kc7 17. Ke2 h5 18. Bd3 Bxd3+ 19. Kxd3 g5 20. g3 Ng6 21. Rhe1 Bg7 22. Nf3 g4 23. Ng5 Ncxe5+ 24. Bxe5+ Nxe5+ 25. Rxe5 Bxe5 26. Nxf7 Rdf8 27. Nxe5 Rxf2 28. Nd4 Rxh2 29. Nxe6+ Kc8 30. Nf4 Re8 31. Kd4 Rd2+ 32. Ke3 Rc2 33. Kd3 Rh2 34. Nf7 Rf8 35. Nd6+ Kd7 36. Nxd5 Rf3+ 37. Kc4 Rxg3 38. Rb1 b5+ 39. Rxb5 Rxa2 40. Rb7+ Kd8 41. c6 1-0

[Event "Balmaceda Segura Memorial op"]
[Site "Santa Barbara de Heredia"]
[Date "2022.05.28"]
[Round "2"]
[White "Arce Oviedo, Cesar"]
[Black "Pastor Carvajal, Jeigoth"]
[Result "0-1"]
[WhiteElo "1687"]
[BlackElo "1868"]
[PlyCount "94"]
[EventDate "2022.05.21"]
[EventType "swiss"]
[EventRounds "6"]
[EventCountry "CRI"]
[SourceTitle "EXT 2024"]
[Source "ChessBase"]
[SourceDate "2023.10.10"]
[SourceVersion "1"]
[SourceVersionDate "2023.10.10"]
[SourceQuality "1"]

1. d4 d5 2. Nf3 Nf6 3. Bf4 c5 4. e3 Nc6 5. c3 Qb6 6. b3 Bf5 7. Bd3 Bxd3 8. Qxd3 e6 9. 0-0 Be7 10. Nbd2 0-0 11. Ne5 cxd4 12. exd4 Rac8 13. Ndf3 Rfd8 14. Bd2 Ne4 15. Nxc6 bxc6 16. Rac1 c5 17. Be3 cxd4 18. Nxd4 Qa5 19. c4 Nf6 20. cxd5 Qxd5 21. Rxc8 Rxc8 22. Qa6 Qd7 23. Nf3 Nd5 24. Ne5 Qc7 25. Nc4 Nxe3 26. fxe3 Rd8 27. Qb5 Bf6 28. g3 h6 29. Kg2 Qc8 30. Qh5 Rd5 31. Qe2 Qc6 32. Qf3 Qd7 33. Rf2 Rd1 34. Qa8+ Kh7 35. Qe4+ Kg8 36. Qc2 Qd5+ 37. e4 Qd4 38. Qe2 Be7 39. e5 Bc5 40. Rf1 Rd3 41. Qh5 Qe4+ 42. Kh3 g6 43. Qxh6 Rf3 44. Rxf3 Qxf3 45. Qf4 Qh5+ 46. Qh4 Qf5+ 47. g4 Qf1+ 0-1

[Event "San Jose Picado"]
[Site "San Jose"]
[Date "2021.03.07"]
[Round "6"]
[White "Pastor Carvajal, Jeigoth"]
[Black "Solano Cordero, Jorge"]
[Result "1-0"]
[WhiteElo "1730"]
[BlackElo "1845"]
[PlyCount "69"]
[EventDate "2021.03.02"]
[EventType "tourn"]
[EventRounds "7"]
[EventCountry "CRI"]
[SourceTitle "EXT 2022"]
[Source "ChessBase"]
[SourceDate "2021.10.06"]
[SourceVersion "1"]
[SourceVersionDate "2021.10.06"]
[SourceQuality "1"]

1. e4 c5 2. Nc3 Nc6 3. Bb5 e6 4. Nge2 d5 5. exd5 exd5 6. d4 Nf6 7. Be3 c4 8. b3 cxb3 9. axb3 Bb4 10. 0-0 0-0 11. h3 Bf5 12. Bd3 Ne4 13. Nxe4 dxe4 14. Bb5 Qf6 15. Bxc6 Qxc6 16. c4 Qf6 17. Nf4 Bd6 18. Nd5 Qg6 19. Kh1 Rfd8 20. Bf4 Kh8 21. Qd2 Qh5 22. Qe3 h6 23. Rg1 g5 24. Bxd6 Rxd6 25. g4 Bxg4 26. Rxg4 f5 27. Rg2 Re8 28. Rxa7 f4 29. Nxf4 gxf4 30. Qxf4 Qxh3+ 31. Kg1 Qe6 32. Rxb7 Rxd4 33. Qg3 Qf6 34. Rg7 Rd1+ 35. Kh2 1-0